[Event "ENCI Limburg-open A"]
[Site "Maastricht"]
[Date "2012.05.27"]
[Round "4"]
[White "Hetey, Laszlo"]
[Black "Reymann, Cedric"]
[Result "1/2-1/2"]
[WhiteElo "2345"]
[BlackElo "2138"]
[PlyCount "84"]
[EventDate "2012.05.25"]
[EventType "swiss"]
[EventRounds "7"]
[EventCountry "NED"]
[Source "P.Boonen"]
[SourceDate "2013.01.01"]

1. d4 Nf6 2. c4 c5 3. d5 b5 4. cxb5 a6 5. b6 e6 6. Nc3 Nxd5 7. Nxd5 exd5 8.
Qxd5 Nc6 9. e4 Be7 10. Nf3 Rb8 11. Bc4 O-O 12. O-O Rxb6 13. b3 Nb4 14. Qh5 Bb7
15. Ng5 Bxg5 16. Bxg5 Qb8 17. Rad1 Bxe4 18. Rxd7 Rg6 19. f3 Bc6 20. Re7 Bd5 21.
Be3 Bxc4 22. bxc4 f5 23. Rd1 Nc6 24. Red7 Qe5 25. R7d3 Nb4 26. Rb3 Nc2 27. Bf2
Rh6 28. f4 Qxf4 29. Qf3 Qxh2+ 30. Kf1 Qe5 31. Qd5+ Qxd5 32. Rxd5 Nd4 33. Bxd4
cxd4 34. Rxd4 Rc6 35. Rb7 Kh8 36. Ke2 h6 37. Kd3 Kh7 38. Rd5 Kg6 39. Rdd7 Kf6
40. Rxg7 Rfc8 41. Rgf7+ Kg6 42. Rg7+ Kf6 1/2-1/2

[Event "ENCI Limburg-open A"]
[Site "Maastricht"]
[Date "2012.05.27"]
[Round "4"]
[White "Huesmann, Thomas"]
[Black "Van Liempt, Michael"]
[Result "1-0"]
[WhiteElo "2230"]
[BlackElo "1956"]
[PlyCount "35"]
[EventDate "2012.05.25"]
[EventType "swiss"]
[EventRounds "7"]
[EventCountry "NED"]
[Source "P.Boonen"]
[SourceDate "2013.01.01"]

1. e4 c5 2. c3 g6 3. d4 cxd4 4. cxd4 d5 5. exd5 Nf6 6. Bb5+ Bd7 7. Bc4 Bg7 8.
Nf3 O-O 9. O-O b5 10. Bb3 a5 11. a3 Na6 12. Bf4 Bf5 13. Ne5 Nc7 14. Nc3 Re8 15.
Nxf7 Kxf7 16. Bxc7 Qd7 17. Be5 e6 18. Bxf6 1-0

[Event "ENCI Limburg-open A"]
[Site "Maastricht"]
[Date "2012.05.27"]
[Round "4"]
[White "In 't Veld, Daan"]
[Black "Mengerink, Ynze"]
[Result "1-0"]
[WhiteElo "2215"]
[BlackElo "2137"]
[PlyCount "51"]
[EventDate "2012.05.25"]
[EventType "swiss"]
[EventRounds "7"]
[EventCountry "NED"]
[Source "P.Boonen"]
[SourceDate "2013.01.01"]

1. e4 c6 2. c4 d5 3. exd5 cxd5 4. cxd5 Nf6 5. Nc3 Nxd5 6. Nf3 Nxc3 7. bxc3 g6
8. Bb5+ Bd7 9. a4 Bg7 10. O-O O-O 11. Re1 a6 12. Bc4 Nc6 13. d4 Na5 14. Bd3 Be6
15. Ba3 Re8 16. Rb1 b6 17. Rxe6 fxe6 18. Qe2 e5 19. Nxe5 Qc7 20. Nxg6 hxg6 21.
Qe6+ Kf8 22. Bxg6 Qf4 23. Rxb6 Rad8 24. g3 Qf3 25. Bxe8 Rxe8 26. Bxe7+ 1-0

[Event "ENCI Limburg-open A"]
[Site "Maastricht"]
[Date "2012.05.27"]
[Round "4"]
[White "Jellema, Yme Jan"]
[Black "Bus, Tom"]
[Result "1-0"]
[WhiteElo "2202"]
[BlackElo "2138"]
[PlyCount "78"]
[EventDate "2012.05.25"]
[EventType "swiss"]
[EventRounds "7"]
[EventCountry "NED"]
[Source "P.Boonen"]
[SourceDate "2013.01.01"]

1. e4 c5 2. c3 d5 3. exd5 Qxd5 4. d4 g6 5. Nf3 Bg7 6. Be2 Nf6 7. O-O cxd4 8.
cxd4 O-O 9. Nc3 Qa5 10. Re1 Nc6 11. h3 Rd8 12. Bc4 Qb4 13. Qb3 Qxb3 14. axb3 e6
15. Nb5 a6 16. Nc7 Ra7 17. Ne5 Nb4 18. Bg5 Nc2 19. Nxf7 Kxf7 20. Nxe6 Bxe6 21.
Rxe6 Nd5 22. Re2 b5 23. Bxd8 bxc4 24. Rxc2 cxb3 25. Rd2 Rd7 26. Bg5 Rd6 27. Be3
Bf8 28. Ra5 Ke6 29. Re2 Kd7 30. g4 Kc7 31. Kg2 Kb7 32. h4 Rd7 33. Bg5 Kb6 34.
Ra1 Bb4 35. f4 Kb5 36. f5 gxf5 37. gxf5 a5 38. Kf3 Kc4 39. Bd2 Kb5 {Time} 1-0

[Event "ENCI Limburg-open A"]
[Site "Maastricht"]
[Date "2012.05.27"]
[Round "4"]
[White "Kampman, Tijmen"]
[Black "Hovhanisian, Mher"]
[Result "0-1"]
[WhiteElo "2116"]
[BlackElo "2492"]
[PlyCount "40"]
[EventDate "2012.05.25"]
[EventType "swiss"]
[EventRounds "7"]
[EventCountry "NED"]
[Source "P.Boonen"]
[SourceDate "2013.01.01"]

1. e4 e6 2. d4 d5 3. exd5 exd5 4. Bd3 c5 5. dxc5 Bxc5 6. Nc3 Nf6 7. Qe2+ Be6 8.
Bg5 h6 9. Bh4 O-O 10. O-O-O Nbd7 11. Nf3 Qa5 12. Bb5 Bb4 13. Nd4 Bxc3 14. Nxe6
Qxa2 15. bxc3 Ne4 16. Qxe4 dxe4 17. Nxf8 Nxf8 18. Rhe1 a6 19. Bd7 g5 20. Bg3
Rd8 0-1

[Event "ENCI Limburg-open A"]
[Site "Maastricht"]
[Date "2012.05.27"]
[Round "4"]
[White "Kangas, Lauri"]
[Black "Hoegener, Claude"]
[Result "1/2-1/2"]
[WhiteElo "2027"]
[BlackElo "2051"]
[PlyCount "101"]
[EventDate "2012.05.25"]
[EventType "swiss"]
[EventRounds "7"]
[EventCountry "NED"]
[Source "P.Boonen"]
[SourceDate "2013.01.01"]

1. d4 Nf6 2. c4 e6 3. Nf3 d5 4. Nc3 Be7 5. Bg5 O-O 6. e3 b6 7. cxd5 exd5 8. Qc2
Nbd7 9. Be2 Bb7 10. O-O c5 11. dxc5 Nxc5 12. Rfd1 Rc8 13. Qf5 g6 14. Qe5 Ncd7
15. Qd4 Nc5 16. Qe5 Ncd7 17. Qd4 Nc5 18. Qh4 Ne6 19. Qh6 Qd6 20. e4 Ng4 21. Qh4
Nxg5 22. Nxg5 Bxg5 23. Qxg4 Bf6 24. Nxd5 Bxd5 25. Rxd5 Qb4 26. Rb5 Qd2 27. e5
Bxe5 28. Rd1 Qf4 29. Qxf4 Bxf4 30. g3 Bc7 31. Rd7 Rfd8 32. Rbd5 Rxd7 33. Rxd7
Be5 34. b3 Rc7 35. Rd5 Bb2 36. Bc4 Kg7 37. a4 Ba3 38. g4 Bc5 39. h4 a5 40. h5
Re7 41. Kg2 Rc7 42. Kg3 Re7 43. f3 Re3 44. Rd8 Re7 45. Rd1 Rc7 46. g5 h6 47.
hxg6 fxg6 48. gxh6+ Kxh6 49. Kg4 Kg7 50. Rd8 Kf6 51. Kf4 1/2-1/2

[Event "ENCI Limburg-open A"]
[Site "Maastricht"]
[Date "2012.05.27"]
[Round "4"]
[White "Leenhouts, Koen"]
[Black "Ritsema, Ronald"]
[Result "1-0"]
[WhiteElo "2384"]
[BlackElo "2051"]
[PlyCount "79"]
[EventDate "2012.05.25"]
[EventType "swiss"]
[EventRounds "7"]
[EventCountry "NED"]
[Source "P.Boonen"]
[SourceDate "2013.01.01"]

1. e4 e6 2. d4 d5 3. Nc3 Bb4 4. e5 c5 5. a3 Bxc3+ 6. bxc3 Ne7 7. Nf3 Qc7 8. h4
b6 9. h5 h6 10. Bb5+ Bd7 11. Bd3 Nbc6 12. O-O c4 13. Be2 O-O-O 14. Bf4 Kb7 15.
Qd2 Ka8 16. Nh4 Rdg8 17. Bg4 Qd8 18. Bg3 g6 19. Rae1 Nf5 20. Bxf5 gxf5 21. Nf3
Qf8 22. Bf4 Qg7 23. g3 Qg4 24. Kg2 Qxh5 25. Rh1 Qg6 26. Bxh6 Nb8 27. Qg5 Ba4
28. Qxg6 Rxg6 29. Bf4 Rhg8 30. Rc1 Na6 31. Kf1 Nc7 32. Ke2 Kb7 33. Kd2 Be8 34.
Rh7 Ka6 35. Rch1 Nb5 36. Be3 Nc7 37. Nh4 Rg4 38. Ng2 Kb7 39. Nf4 Kc6 40. Nh5
1-0

[Event "ENCI Limburg-open A"]
[Site "Maastricht"]
[Date "2012.05.27"]
[Round "4"]
[White "Lenhardt, Manfred"]
[Black "Favier, Alain"]
[Result "0-1"]
[WhiteElo "2127"]
[BlackElo "2053"]
[PlyCount "56"]
[EventDate "2012.05.25"]
[EventType "swiss"]
[EventRounds "7"]
[EventCountry "NED"]
[Source "P.Boonen"]
[SourceDate "2013.01.01"]

1. d4 Nf6 2. Nc3 d5 3. Bg5 Bf5 4. f3 Nbd7 5. Qd2 c6 6. O-O-O h6 7. Bh4 Qa5 8.
Qf4 e6 9. Bxf6 Nxf6 10. e4 Bg6 11. Bd3 Be7 12. h4 O-O-O 13. Nge2 b5 14. g4 b4
15. Nb1 dxe4 16. fxe4 Bh7 17. e5 g5 18. Qf1 Nd5 19. Qxf7 gxh4 20. Qxe6+ Kb8 21.
Bxh7 Bg5+ 22. Rd2 Rxh7 23. Kd1 Qxa2 24. Kc1 Rc7 25. Rh3 Qa6 26. Kd1 Bxd2 27.
Kxd2 Qxe2+ 28. Kxe2 Nf4+ 0-1

[Event "ENCI Limburg-open A"]
[Site "Maastricht"]
[Date "2012.05.27"]
[Round "4"]
[White "Meurs, Tom"]
[Black "Stiefel, Roland"]
[Result "1-0"]
[WhiteElo "2246"]
[BlackElo "2059"]
[PlyCount "97"]
[EventDate "2012.05.25"]
[EventType "swiss"]
[EventRounds "7"]
[EventCountry "NED"]
[Source "P.Boonen"]
[SourceDate "2013.01.01"]

1. e4 c5 2. Nf3 a6 3. c3 e6 4. d4 d5 5. e5 Bd7 6. Bd3 cxd4 7. cxd4 Bb5 8. Bxb5+
axb5 9. O-O Nc6 10. Qd3 Qb6 11. Be3 Nge7 12. Nc3 b4 13. Nb5 Nf5 14. a4 Be7 15.
g4 Nxe3 16. Qxe3 O-O 17. Nd2 Na5 18. b3 f5 19. exf6 Rxf6 20. f4 Nc6 21. g5 Rg6
22. h4 e5 23. fxe5 h6 24. Qd3 Re6 25. Nf3 Rf8 26. Kg2 Qd8 27. Rh1 Rf4 28. Rh3
Re4 29. Re1 Rg4+ 30. Rg3 Rxg3+ 31. Kxg3 g6 32. Rg1 hxg5 33. hxg5 Kg7 34. Qe3
Qd7 35. Qf4 Bd8 36. Rf1 Re8 37. Nh2 Rh8 38. Ng4 Qe6 39. Nh6 Bxg5 40. Qxg5 Rxh6
41. Qf6+ Qxf6 42. exf6+ Kf8 43. Kg4 Rh2 44. Kg5 Rg2+ 45. Kf4 Kf7 46. Ke3 Rg3+
47. Kd2 Rxb3 48. Nd6+ Kf8 49. Re1 1-0

[Event "ENCI Limburg-open A"]
[Site "Maastricht"]
[Date "2012.05.27"]
[Round "4"]
[White "Meyers, Mark"]
[Black "Schmitz, Andreas Arnold"]
[Result "0-1"]
[WhiteElo "1918"]
[BlackElo "2074"]
[PlyCount "106"]
[EventDate "2012.05.25"]
[EventType "swiss"]
[EventRounds "7"]
[EventCountry "NED"]
[Source "P.Boonen"]
[SourceDate "2013.01.01"]

1. Nf3 Nf6 2. c4 c5 3. g3 b6 4. Bg2 Bb7 5. Nc3 g6 6. O-O Bg7 7. d4 cxd4 8. Qxd4
O-O 9. Qh4 d6 10. Bh6 Nbd7 11. Rfd1 Rc8 12. b3 Re8 13. Bxg7 Kxg7 14. e4 Rc5 15.
e5 dxe5 16. Nxe5 Bxg2 17. Nxd7 Nxd7 18. Kxg2 Qa8+ 19. Qe4 Nf6 20. Qxa8 Rxa8 21.
Rd3 e6 22. Rad1 Rcc8 23. Kf3 Kf8 24. Ne4 Nxe4 25. Kxe4 Rc7 26. f4 Ke7 27. h3 h5
28. Rd4 Rac8 29. Rd6 Rb7 30. R6d4 b5 31. cxb5 Rc3 32. R1d3 f5+ 33. Ke3 Rxd3+
34. Kxd3 Rxb5 35. Kc4 Ra5 36. a4 e5 37. fxe5 Rxe5 38. b4 Re3 39. Rd3 Re4+ 40.
Kb5 h4 41. gxh4 Rxh4 42. Rb3 Kd6 43. Ka6 Kd5 44. Kxa7 Kc4 45. Rb1 Rxh3 46. Kb6
g5 47. a5 Rh6+ 48. Ka7 Kb5 49. Rc1 Rf6 50. Kb7 g4 51. a6 Rxa6 52. Rc5+ Kxb4 53.
Rxf5 Rg6 0-1

[Event "ENCI Limburg-open A"]
[Site "Maastricht"]
[Date "2012.05.27"]
[Round "4"]
[White "Mueer, Sebastian"]
[Black "Schroer, Marcel"]
[Result "1-0"]
[WhiteElo "2237"]
[BlackElo "2091"]
[PlyCount "95"]
[EventDate "2012.05.25"]
[EventType "swiss"]
[EventRounds "7"]
[EventCountry "NED"]
[Source "P.Boonen"]
[SourceDate "2013.01.01"]

1. c4 c6 2. g3 d5 3. Nf3 Nf6 4. Bg2 Bf5 5. cxd5 cxd5 6. Qb3 Qc8 7. Nc3 e6 8. d3
Nc6 9. Bf4 Bb4 10. O-O O-O 11. Rac1 Qd7 12. e4 Bg6 13. exd5 Nxd5 14. Ne5 Nxe5
15. Nxd5 Bd6 16. Bxe5 Bxe5 17. d4 Bd6 18. Ne3 Rfd8 19. Rfd1 Rab8 20. Nc4 Rdc8
21. Nxd6 Rxc1 22. Rxc1 Qxd6 23. Qxb7 h6 24. Rc8+ Rxc8 25. Qxc8+ Kh7 26. Qc4 e5
27. d5 f5 28. b4 e4 29. Qc5 Qe5 30. d6 Qa1+ 31. Bf1 Qd1 32. h3 h5 33. Qe5 h4
34. gxh4 Qd2 35. h5 Bxh5 36. Qxf5+ Bg6 37. Qe6 Qd1 38. Qe7 e3 39. Qh4+ Kg8 40.
Qc4+ Kh7 41. fxe3 Qe1 42. Qd4 Bh5 43. d7 Qg3+ 44. Bg2 Bf3 45. Qd3+ g6 46. Qf1
Bxg2 47. Qf7+ Kh6 48. Qf4+ 1-0

[Event "ENCI Limburg-open A"]
[Site "Maastricht"]
[Date "2012.05.27"]
[Round "4"]
[White "Offringa, Joost"]
[Black "Voicu Jagodzinsky, Carmen"]
[Result "1/2-1/2"]
[WhiteElo "2107"]
[BlackElo "2278"]
[PlyCount "77"]
[EventDate "2012.05.25"]
[EventType "swiss"]
[EventRounds "7"]
[EventCountry "NED"]
[Source "P.Boonen"]
[SourceDate "2013.01.01"]

1. e4 c5 2. c3 e6 3. d4 d5 4. exd5 exd5 5. Nf3 Nc6 6. Bb5 Bd6 7. Be3 c4 8. b3
cxb3 9. axb3 Nge7 10. O-O Bg4 11. Nbd2 O-O 12. Qc2 Bf5 13. Bd3 Qd7 14. Nh4 Bxd3
15. Qxd3 Rac8 16. f4 Qg4 17. g3 Rfe8 18. f5 f6 19. Bf4 Bxf4 20. Rxf4 Qh5 21.
Re1 Rcd8 22. Nf1 Nc8 23. Rxe8+ Rxe8 24. Ne3 Qf7 25. Nhg2 Nd6 26. Rg4 b5 27. h4
Re4 28. Rxe4 dxe4 29. Qd1 a5 30. Nf4 Qa7 31. Ned5 a4 32. bxa4 bxa4 33. Qg4 Qf7
34. Qe2 Qa7 35. Qa2 Kh8 36. h5 Nxf5 37. Qa3 Nce7 38. g4 Qb8 39. gxf5 1/2-1/2

[Event "ENCI Limburg-open A"]
[Site "Maastricht"]
[Date "2012.05.27"]
[Round "4"]
[White "Rietman, Frits"]
[Black "Woestenburg, Jochem"]
[Result "1-0"]
[WhiteElo "2262"]
[BlackElo "2092"]
[PlyCount "109"]
[EventDate "2012.05.25"]
[EventType "swiss"]
[EventRounds "7"]
[EventCountry "NED"]
[Source "P.Boonen"]
[SourceDate "2013.01.01"]

1. e4 e6 2. d4 d5 3. Nd2 Nf6 4. e5 Nfd7 5. f4 c5 6. c3 Nc6 7. Ndf3 Qb6 8. a3 c4
9. g3 Qd8 10. Bh3 g6 11. Ne2 b5 12. O-O Nb6 13. Kh1 Ne7 14. Bg2 Bd7 15. h3 h5
16. Kg1 Nc6 17. g4 hxg4 18. hxg4 Be7 19. Kf2 Qc7 20. Neg1 O-O-O 21. Nh3 Rdf8
22. Nhg5 f6 23. exf6 Rxf6 24. Nh3 Bd6 25. Kg1 Rxh3 26. Bxh3 Bxf4 27. Bxf4 Qxf4
28. Kg2 e5 29. dxe5 Nxe5 30. Nxe5 Qxe5 31. Rxf6 Qxf6 32. Qf3 Qe5 33. Rd1 Kc7
34. Qg3 Qxg3+ 35. Kxg3 g5 36. Kf2 Kd6 37. Ke3 Na4 38. Rd2 Ke5 39. Bg2 Be6 40.
Bf3 Nc5 41. Rh2 a5 42. Rh5 Kf6 43. Rh8 Ke5 44. Rb8 Bd7 45. Rg8 Ne6 46. Bd1 Kf6
47. Bc2 Ng7 48. Rf8+ Ke7 49. Rb8 Ne8 50. Bf5 Bc6 51. Kd2 Kd6 52. Rc8 Nf6 53.
Rh8 d4 54. Rh6 Ke7 55. Rg6 1-0

[Event "ENCI Limburg-open A"]
[Site "Maastricht"]
[Date "2012.05.27"]
[Round "4"]
[White "Rietveld, Leo"]
[Black "Jagodzinsky, Andreas"]
[Result "1/2-1/2"]
[WhiteElo "2041"]
[BlackElo "2163"]
[PlyCount "74"]
[EventDate "2012.05.25"]
[EventType "swiss"]
[EventRounds "7"]
[EventCountry "NED"]
[Source "P.Boonen"]
[SourceDate "2013.01.01"]

1. b3 e6 2. Bb2 Nf6 3. e3 b6 4. f4 Bb7 5. Nf3 Be7 6. Be2 c5 7. Ne5 d6 8. Bf3
Qc7 9. Bxb7 Qxb7 10. Qf3 Qxf3 11. Nxf3 Nc6 12. g4 Rg8 13. g5 Nd5 14. a3 O-O-O
15. Nc3 Nxc3 16. Bxc3 d5 17. d4 cxd4 18. Nxd4 Nxd4 19. Bxd4 Kb7 20. Ke2 Bc5 21.
Bxc5 bxc5 22. c4 dxc4 23. bxc4 Kc6 24. Rab1 Rd7 25. Rhd1 Rxd1 26. Kxd1 Re8 27.
Kd2 e5 28. fxe5 Rxe5 29. Rg1 Kd6 30. Kd3 Rf5 31. Ke4 Rf2 32. Rd1+ Kc6 33. Rd5
g6 34. Re5 Rxh2 35. Re7 Rf2 36. Rxa7 Rf5 37. a4 Kb6 1/2-1/2

[Event "ENCI Limburg-open A"]
[Site "Maastricht"]
[Date "2012.05.27"]
[Round "4"]
[White "Roufs, Gerard"]
[Black "Koenig, Christian"]
[Result "1/2-1/2"]
[WhiteElo "2002"]
[BlackElo "2121"]
[PlyCount "122"]
[EventDate "2012.05.25"]
[EventType "swiss"]
[EventRounds "7"]
[EventCountry "NED"]
[Source "P.Boonen"]
[SourceDate "2013.01.01"]

1. d4 e6 2. c4 b6 3. a3 c5 4. d5 exd5 5. cxd5 Ba6 6. Nc3 d6 7. Nf3 Nf6 8. g3
Be7 9. Bg2 O-O 10. O-O Nbd7 11. Re1 Re8 12. h3 Nf8 13. e4 Ng6 14. b4 Nd7 15. b5
Bb7 16. Qc2 a6 17. Rb1 Bf6 18. Be3 Bxc3 19. Qxc3 Rxe4 20. Nd2 Re8 21. Nc4 Qc7
22. a4 axb5 23. axb5 Nf6 24. Rbd1 Ne7 25. Bg5 Nexd5 26. Rxe8+ Rxe8 27. Qb2 Re6
28. Bxf6 Nxf6 29. Bxb7 Qxb7 30. Nxd6 Qf3 31. Qb1 Re2 32. Rf1 g6 33. Qc1 Nd5 34.
Nc4 Nc3 35. Qf4 Qxf4 36. gxf4 Nxb5 37. Nxb6 Nd4 38. Kg2 Kg7 39. Rc1 Ne6 40. Nd7
Re4 41. Nxc5 Nxc5 42. Rxc5 Rxf4 43. Kg3 Rb4 44. h4 h6 45. Rc7 g5 46. hxg5 hxg5
47. f3 Rf4 48. Rb7 Kg6 49. Rb6+ f6 50. Ra6 Rd4 51. Rb6 Kf5 52. Rb5+ Kg6 53. Rb6
Kf5 54. Rb5+ Kg6 55. Rb6 Rf4 56. Ra6 Kh5 57. Ra8 f5 58. Rh8+ Kg6 59. Rg8+ Kf6
60. Ra8 Rd4 61. Rf8+ Kg6 1/2-1/2

[Event "ENCI Limburg-open A"]
[Site "Maastricht"]
[Date "2012.05.27"]
[Round "4"]
[White "Sarrau, Jelle"]
[Black "Kirkebo, Carl Peter"]
[Result "1/2-1/2"]
[WhiteElo "2287"]
[BlackElo "2176"]
[PlyCount "61"]
[EventDate "2012.05.25"]
[EventType "swiss"]
[EventRounds "7"]
[EventCountry "NED"]
[Source "P.Boonen"]
[SourceDate "2013.01.01"]

1. d4 d5 2. c4 e6 3. Nc3 Nf6 4. cxd5 exd5 5. Bg5 c6 6. Qc2 Be7 7. e3 Nbd7 8.
Bd3 Nh5 9. Bxe7 Qxe7 10. Nge2 Nb6 11. O-O-O Bd7 12. Ng3 Nxg3 13. hxg3 h5 14.
Kb1 O-O-O 15. Rc1 Kb8 16. Ne2 g6 17. Ng1 Bg4 18. Rh4 Rc8 19. Nf3 Bxf3 20. gxf3
f5 21. Rhh1 h4 22. Qc5 Qxc5 23. dxc5 Nd7 24. gxh4 Rh5 25. e4 Rch8 26. exf5 gxf5
27. Rhe1 f4 28. Re7 Ne5 29. Bc2 Nc4 30. Bd3 Ne5 31. Bc2 1/2-1/2

[Event "ENCI Limburg-open A"]
[Site "Maastricht"]
[Date "2012.05.27"]
[Round "4"]
[White "Schilperoort, Jeroen"]
[Black "Nabuurs, Joep"]
[Result "0-1"]
[WhiteElo "1951"]
[BlackElo "2216"]
[PlyCount "60"]
[EventDate "2012.05.25"]
[EventType "swiss"]
[EventRounds "7"]
[EventCountry "NED"]
[Source "P.Boonen"]
[SourceDate "2013.01.01"]

1. d4 f5 2. Nf3 Nf6 3. Bf4 g6 4. Nc3 Bg7 5. Qd2 Ne4 6. Nxe4 fxe4 7. Be5 O-O 8.
Bxg7 Kxg7 9. Ng5 d5 10. h4 h6 11. Nh3 Bxh3 12. Rxh3 Nd7 13. f3 Nf6 14. g4 exf3
15. exf3 c5 16. g5 hxg5 17. Qxg5 Qa5+ 18. Kd1 Ne4 19. Qe3 Qb4 20. dxc5 Qxb2 21.
Rc1 Nc3+ 22. Kd2 Nxa2 23. Re1 Rae8 24. f4 Nb4 25. Bd3 Nxd3 26. Kxd3 e5 27. fxe5
d4 28. Qg3 Qc3+ 29. Ke4 Qxc2+ 30. Kxd4 Rd8+ 0-1

[Event "ENCI Limburg-open A"]
[Site "Maastricht"]
[Date "2012.05.27"]
[Round "4"]
[White "Schmitz, Manuela"]
[Black "De Moor, Eric"]
[Result "1-0"]
[WhiteElo "2037"]
[BlackElo "2071"]
[PlyCount "67"]
[EventDate "2012.05.25"]
[EventType "swiss"]
[EventRounds "7"]
[EventCountry "NED"]
[Source "P.Boonen"]
[SourceDate "2013.01.01"]

1. d4 d5 2. Nf3 Nc6 3. g3 g6 4. Bg2 Bg7 5. c3 Nf6 6. O-O O-O 7. Bf4 Re8 8. Nbd2
Nh5 9. Nb3 Nxf4 10. gxf4 h5 11. Kh1 Qd6 12. Qd2 b6 13. Rg1 a5 14. e3 a4 15. Nc1
Bf5 16. Ne2 Na5 17. Ng3 e6 18. Ne5 h4 19. Nxf5 exf5 20. Qe2 c6 21. Qf3 Bxe5 22.
fxe5 Qe7 23. Bh3 Kf8 24. Qf4 Reb8 25. Rg5 Ke8 26. Rag1 Nc4 27. b3 axb3 28. axb3
Nd2 29. f3 Ra2 30. e6 Rba8 31. exf7+ Qxf7 32. Rxg6 Ra1 33. Qe5+ Kf8 34. Qd6+
1-0

[Event "ENCI Limburg-open A"]
[Site "Maastricht"]
[Date "2012.05.27"]
[Round "4"]
[White "Schoorl, Rob"]
[Black "Timmermans, Ivo"]
[Result "1-0"]
[WhiteElo "2317"]
[BlackElo "2240"]
[PlyCount "103"]
[EventDate "2012.05.25"]
[EventType "swiss"]
[EventRounds "7"]
[EventCountry "NED"]
[Source "P.Boonen"]
[SourceDate "2013.01.01"]

1. e4 e5 2. Nf3 Nc6 3. Bc4 Nf6 4. Ng5 d5 5. exd5 Na5 6. Bb5+ c6 7. dxc6 bxc6 8.
Bd3 Nd5 9. h4 Nf4 10. Bf1 h6 11. Nf3 Bg4 12. d4 Qb6 13. Bxf4 exf4 14. Be2 Be7
15. Nbd2 Qxb2 16. O-O O-O 17. Nb3 Nxb3 18. axb3 Rfe8 19. Qd2 Bb4 20. Qxb4 Rxe2
21. Ne5 Be6 22. Nxc6 Kh8 23. d5 Bxd5 24. Qd4 Qxd4 25. Nxd4 Rd2 26. Rfd1 Rxd1+
27. Rxd1 Kg8 28. Ra1 a6 29. c4 Bb7 30. c5 Rd8 31. Ra4 Kf8 32. Rb4 Bc8 33. Kf1
a5 34. Ra4 Rd5 35. c6 Ke7 36. Ke2 Ba6+ 37. Kf3 Bb5 38. Ke4 Rh5 39. Ra1 Kd6 40.
Nf5+ Kxc6 41. Kxf4 Bd3 42. g4 Rxf5+ 43. gxf5 Kb5 44. Rg1 Bc2 45. Rxg7 Bxb3 46.
Rg1 Kc4 47. Kg4 Bc2 48. Kh5 Kc3 49. Ra1 a4 50. Kxh6 Kd2 51. Rxa4 Bxa4 52. Kg5
1-0

[Event "ENCI Limburg-open A"]
[Site "Maastricht"]
[Date "2012.05.27"]
[Round "4"]
[White "Smith, Thijmen"]
[Black "Dekker, Marvin"]
[Result "1-0"]
[WhiteElo "2172"]
[BlackElo "2083"]
[PlyCount "77"]
[EventDate "2012.05.25"]
[EventType "swiss"]
[EventRounds "7"]
[EventCountry "NED"]
[Source "P.Boonen"]
[SourceDate "2013.01.01"]

1. e4 c5 2. Nf3 d6 3. d4 cxd4 4. Nxd4 Nf6 5. Nc3 a6 6. f4 e5 7. Nf3 Nbd7 8. a4
d5 9. Nxe5 Nxe5 10. fxe5 Nxe4 11. Nxe4 dxe4 12. Qxd8+ Kxd8 13. Bc4 Bc5 14. Bg5+
Be7 15. O-O-O+ Ke8 16. Be3 Be6 17. Bxe6 fxe6 18. Rd4 Bc5 19. Rxe4 Bxe3+ 20.
Rxe3 Rf8 21. Rd1 Rd8 22. Rxd8+ Kxd8 23. Rf3 Rg8 24. Rf7 Kc8 25. Kd2 Rd8+ 26.
Ke3 Rd5 27. Rxg7 Rxe5+ 28. Kd4 Rd5+ 29. Kc3 Rc5+ 30. Kb3 h5 31. c3 Kb8 32. h4
b6 33. Rg5 Kc7 34. Rxc5+ bxc5 35. Kc4 Kd6 36. b4 cxb4 37. cxb4 Ke5 38. b5 axb5+
39. axb5 1-0

[Event "ENCI Limburg-open A"]
[Site "Maastricht"]
[Date "2012.05.27"]
[Round "4"]
[White "Surewaard, Wilbert"]
[Black "Van Kerkhof, David"]
[Result "1-0"]
[WhiteElo "2157"]
[BlackElo "2288"]
[PlyCount "87"]
[EventDate "2012.05.25"]
[EventType "swiss"]
[EventRounds "7"]
[EventCountry "NED"]
[Source "P.Boonen"]
[SourceDate "2013.01.01"]

1. e4 c5 2. Nf3 Nc6 3. Bb5 g6 4. Bxc6 dxc6 5. d3 Bg7 6. Nc3 Bg4 7. h3 Bxf3 8.
Qxf3 Nf6 9. O-O e5 10. Bg5 Qd6 11. Bxf6 Bxf6 12. Nd1 Bg7 13. Ne3 O-O 14. Qg4
Kh8 15. Kh1 Rad8 16. Rae1 Qd4 17. b3 Qc3 18. a4 Rd4 19. Qe2 f5 20. exf5 gxf5
21. Qh5 Rf4 22. Re2 e4 23. Rd1 Qf6 24. dxe4 Rxe4 25. Qf3 Qe6 26. Red2 Bd4 27.
Nf1 f4 28. c3 Bg7 29. Rd8 Kg8 30. Rxf8+ Kxf8 31. Qh5 Re5 32. Qxh7 f3 33. Rd3
fxg2+ 34. Kxg2 Rf5 35. Ng3 Rf7 36. Qh4 Bf6 37. Qh6+ Rg7 38. Rf3 Kf7 39. Kh2 Qe5
40. Qxf6+ Qxf6 41. Rxf6+ Kxf6 42. Nh5+ Kf7 43. Nxg7 Kxg7 44. Kg3 1-0

[Event "ENCI Limburg-open A"]
[Site "Maastricht"]
[Date "2012.05.27"]
[Round "4"]
[White "Swijsen, Lars"]
[Black "Van Gelder, Bart"]
[Result "1-0"]
[WhiteElo "2068"]
[BlackElo "2166"]
[PlyCount "129"]
[EventDate "2012.05.25"]
[EventType "swiss"]
[EventRounds "7"]
[EventCountry "NED"]
[Source "P.Boonen"]
[SourceDate "2013.01.01"]

1. d4 d6 2. e4 e5 3. dxe5 dxe5 4. Qxd8+ Kxd8 5. Nc3 c6 6. f4 Nd7 7. Nf3 f6 8.
g3 Bd6 9. Bh3 Nf8 10. Bxc8 Kxc8 11. Be3 Ne6 12. f5 Nd8 13. g4 Nf7 14. O-O-O Kc7
15. g5 fxg5 16. Nxg5 Nxg5 17. Bxg5 Nf6 18. Rd3 Be7 19. Rg1 Rhd8 20. Rh3 h6 21.
Bh4 Bf8 22. Rg6 Rd6 23. Bxf6 gxf6 24. Rd3 Rad8 25. Kd2 Kd7 26. Rxf6 Ke7 27.
Rfxd6 Rxd6 28. Rxd6 Kxd6 29. Ne2 Be7 30. Kd3 Bg5 31. h3 Bh4 32. Ke3 Bg5+ 33.
Kf3 Ke7 34. Kg4 Kf6 35. Ng3 Bc1 36. b3 Bd2 37. Ne2 Be3 38. Kh5 Kg7 39. Ng3 Bf4
40. Kg4 Kf7 41. Nh5 Bc1 42. Kf3 Bd2 43. Ke2 Bg5 44. Kd3 Bh4 45. Kc4 Bf2 46. a4
b6 47. Kd3 Be1 48. Ke2 Bh4 49. Kf3 Be1 50. Ng3 Kf6 51. Kg4 Bd2 52. Ne2 Be3 53.
Nc3 Bd2 54. Nd1 Kg7 55. Kh5 Bc1 56. Nf2 Be3 57. Nd3 Bd4 58. Nb4 c5 59. Nc6 a6
60. Nb8 a5 61. Nc6 Bc3 62. Nd8 Bd2 63. Ne6+ Kh7 64. f6 Kg8 65. Kg6 1-0

[Event "ENCI Limburg-open A"]
[Site "Maastricht"]
[Date "2012.05.27"]
[Round "4"]
[White "Thinius, Marco"]
[Black "Beukema, Stefan"]
[Result "0-1"]
[WhiteElo "2376"]
[BlackElo "2292"]
[PlyCount "86"]
[EventDate "2012.05.25"]
[EventType "swiss"]
[EventRounds "7"]
[EventCountry "NED"]
[Source "P.Boonen"]
[SourceDate "2013.01.01"]

1. c4 e5 2. g3 Nf6 3. Bg2 d5 4. cxd5 Nxd5 5. Nc3 Nb6 6. Nf3 Nc6 7. O-O Be7 8.
a3 a5 9. d3 Be6 10. Be3 f5 11. Na4 O-O 12. Rc1 Bd5 13. Bc5 Kh8 14. Re1 Nxa4 15.
Qxa4 Qe8 16. Qb5 Rd8 17. e4 fxe4 18. dxe4 Be6 19. Bxe7 Qxe7 20. Qxb7 Nd4 21.
Nxd4 exd4 22. Rxc7 Qf6 23. Rc2 d3 24. Rd2 Qg5 25. f4 Qc5+ 26. Kh1 Rb8 27. Qa6
Bc4 28. Rc1 Qe3 29. Qxa5 Rb5 30. Qc3 Rb3 31. Qa5 Rxb2 32. Rcd1 Rc2 33. Qb4 Rc8
34. e5 Ba6 35. Bd5 Rxd2 36. Qxd2 Qxd2 37. Rxd2 Rc1+ 38. Kg2 Rc2 39. Rf2 d2 40.
Bf3 Bb7 41. Bxb7 d1=Q 42. Rxc2 Qxc2+ 43. Kh3 Kg8 0-1